Storia d'Italia dai suoi primi abitatori dopo il diluvio fino ai nostri tempi.

Salvato in:
Dettagli Bibliografici
Natura: Libro
Lingua:italiano
Pubblicazione: Torino Marietti 1834
Catalogo:EDISCO:  Risultati della ricerca del catalogo della biblioteca
Libro di testo Classificazione:
Soggetti:
Tags: Aggiungi Tag
Nessun Tag, puoi essere il primo ad aggiungerne!!
Aggiunto a:2016-04-30
Cambiato in:2017-10-04

MARC

LEADER 00000aam a22000005 4500
001 23918
003 OSt
005 20171004090858.0
008 160501s1834 it 000 0 ita
040 |c milena maione 
041 1 |a ita 
245 0 0 |a Storia d'Italia dai suoi primi abitatori dopo il diluvio fino ai nostri tempi. 
260 |a Torino  |b Marietti  |c 1834 
300 |a 432 p., 1 ;   |c in 18° 
510 3 |a 1 
901 |a 5 
650 4 |a Storia 
690 7 |a Gioventù studiosa 
655 |a Manuale 
942 |2 ddc  |c BK 
546 |a ita 
999 |c 23906  |d 23906 
999 |c edisco:23906  |d 23906